000 00476pab a2200169 454500
008 180718b2018 xxu||||| |||| 00| 0 eng d
100 _aWebb, Adam K.
245 _aResonance of the Arab Spring: Solidarities and youth opinion in the Global South
260 _c2018
300 _ap.290-305.
362 _aMar
650 _aSocial movements
650 _aPublic opinion
650 _aGlobalisation
773 _aInternational Political Science Review
909 _a116916
999 _c116910
_d116910